000 00531nam a2200169 i 4500
001 bg
100 1 _aBOROCH, Henryk
245 0 _aTeoretyczne podstawy dynamiki taśm przenośnikowych /
_cHenryk Boroch.
260 _aWrocław,
_c1978.
490 1 _aPrace Naukowe Instytutu Budownictwa Politechniki Wrocławskiej ;
_v24
830 _aPrace Naukowe Instytutu Budownictwa Politechniki Wrocławskiej ;
040 _cBPK
041 _apol
080 _a622.647:621.867
942 _cKS
008 s pl f |000 0 pol
999 _c17816
_d17816
856 _uhttp://koha.tu.koszalin.pl/cgi-bin/koha/opac-detail.pl?biblionumber=17816
_yKatalog online BPK